| 000 -ლიდერი |
| ფიქსირებული სიგრძის საკონტროლო ველი |
01276nam a22002177a 4500 |
| 003 - საკონტროლო ნომრის იდენტიფიკატორი |
| საკონტროლო ველი |
Ge_BSU |
| 005 - ბოლო ოპერაციის თარიღი და დრო |
| საკონტროლო ველი |
20221122150546.0 |
| 008 - ფიქსირებული სიგრძის მონაცემთა ელემენტები - ზოგადი ინფორმაცია |
| ფიქსირებული სიგრძის საკონტროლო ველი |
221122s1977ge xxu||||| |||| 00| 0 geo d |
| 041 ## - ენის კოდი |
| Language code of text/sound track or separate title |
geo |
| 080 ## - უნივერსალური ათობითი კლასიფიკაციის ინდექსი |
| Universal Decimal Classification number |
821.111-11 ჩ-76 |
| 100 ## - მთავარი ჩანაწერი - პიროვნების სახელი |
| Personal name |
ჩოსერი, ჯეფრი, ავტ. |
| 9 (RLIN) |
15993 |
| 245 ## - ცნობა სათაურის შესახებ |
| Title |
კენტერბერიული მოთხრობები : |
| Remainder of title |
[პოემა] / |
| Statement of responsibility, etc |
ჯეფრი ჩოსერი ; თარგმ. ინგლ. გ. ნიშნიანიძისა ; წინასიტყვ. ავტ.: ც. თოფურიძე. |
| 264 ## - წარმოების, გამოცემის, დისტრიბუციის და სხვა ცნობები |
| გამოცემის, წარმოების, დისტრიბუციის... ადგილი |
თბილისი: |
| გამოცემის, წარმოების, დისტრიბუციის... სახელწოდება |
საბჭ. საქართველო, |
| გამოცემის, წარმოების, დისტრიბუციის... თარიღი |
1977. |
| 300 ## - ფიზიკური აღწერა |
| Extent |
351 გვ. : |
| Other physical details |
1 ფ. პორტრ. ; |
| Dimensions |
21 სმ. |
| 440 ## - სერიის ცნობა / დამატებულია ჩანაწერი - სათაური |
| Title |
მსოფლიო ლიტერატურის ბიბლიოთეკა. სერია I ; ტ. 16 |
| 9 (RLIN) |
15994 |
| 653 ## - INDEX TERM--UNCONTROLLED |
| Uncontrolled term |
კენტერბერიული მოთხრობები |
| 653 ## - INDEX TERM--UNCONTROLLED |
| Uncontrolled term |
მხატვრული ლიტერატურა |
| 700 ## - ADDED ENTRY--PERSONAL NAME |
| Personal name |
ნიშნიანიძე, გ |
| Relator term |
მთარგმნელი |
| 9 (RLIN) |
15995 |
| 700 ## - ADDED ENTRY--PERSONAL NAME |
| Personal name |
თოფურიძე, ც |
| Relator term |
წინასიტყვაობის ავტორი |
| 9 (RLIN) |
15996 |
| 942 ## - ADDED ENTRY ELEMENTS (KOHA) |
| Source of classification or shelving scheme |
|
| Koha item type |
წიგნი |